000 00696nam a2200241 a 4500
999 _c16531
_d16531
003 PK-NaQUE
005 20260330142445.0
008 260330b ||||| |||| 00| 0 eng d
020 _a0131140809 (hardcover)
020 _a9780131140806 (hardcover)
040 _cQUEST
082 _a621.38153FLO
100 1 _aFloyd, Thomas L.
245 1 0 _aElectronic Devices : Conventional Current
250 _a9th ed.
260 _aDelhi :
_bPearson,
_c2015.
300 _a958 p. ;
650 _aElectronic apparatus and appliances
650 _aSolid state electronics
700 _aFloyd, Thomas L.
856 _uhttp://10.10.170.122:8080/browse/book/25609
_yDownload eBook
942 _cBK
_2ddc